| 000 | 02455 a2200277 4500 | ||
|---|---|---|---|
| 005 | 20260204080709.0 | ||
| 020 | _a9781108839952 | ||
| 050 | 0 | 0 |
_aKZ 3180 _bSLA 2022 |
| 100 | 1 |
_aSlaghter, Tracy H., _eauthor. |
|
| 245 | 1 | 0 |
_aFundamental perspectives on international law / _cTracy H.Slaghter,John D.Van Doorn |
| 250 |
_aSeventh edition _bby Tracy H. Slagter, University of Wisconsin, Oshkosh; John D. Van Doorn. |
||
| 264 | 1 |
_aCambridge, United Kingdom ; _aNew York, NY : _bCambridge University Press, _c2023 |
|
| 300 | _apages cm | ||
| 336 |
_atext _btxt _2rdacontent |
||
| 337 |
_aunmediated _bn _2rdamedia |
||
| 338 |
_avolume _bnc _2rdacarrier |
||
| 504 | _aIncludes bibliographical references and index. | ||
| 505 | 0 | _aWhat is international law -- States and individuals in international law -- Treaties and diplomacy -- Range of sovereignty -- Extraterritorial jurisdiction -- International organizations -- Human rights -- The use of force by states -- Intervention and human security -- International environmental law -- International economic relations. | |
| 520 | _a"How does international law impact the behavior of states? This book designed for students in multiple disciplines offers a comprehensive, accessible introduction to the "law of nations," detailing the evolution of state practice in response to an ever-changing, diverse world. In this new edition of William Slomanson's foundational text, the new authors, Professors Slagter and Van Doorn, trace how states manage their sovereignty in myriad ways, working through treaties, international organizations, and international courts to secure their own as well as global interests. With special emphasis on five key areas - human rights, the use of force, human security and humanitarian intervention, environmental protection, and economic relations - the authors illustrate both the power and limits of international law to provide structure and predictability on a globalized planet. Real-world problem sets, annotated bibliographies, and a practical guide to studying international law make this a text that students and instructors alike will appreciate"-- | ||
| 650 | 0 | _aInternational law. | |
| 650 | 7 | _aPOLITICAL SCIENCE / International Relations / General | |
| 700 | 1 |
_aSlagter, Tracy H., _d1974- _eauthor. |
|
| 700 | 1 |
_aVan Doorn, John D., _d1961- _eauthor. |
|
| 942 |
_2lcc _cBK _eseventh _h3180 _iSLA _kKZ |
||
| 999 |
_c11405 _d11405 |
||